000 00338nam a2200133Ia 4500
005 20260328104327.0
008 260328s9999||||xx |||||||||||||| ||und||
100 _aINAC
245 0 _aPanamá :
_b El Casco Antiguo y la dinámica de sus Transformaciones /
_cINAC
260 _bInac
300 _a297 p.
650 _aPANAMÁ
942 _cBK
999 _c11578
_d11578